[Event "HUN-chT"]
[Site "HUN"]
[Date "1991.??.??"]
[Round "?"]
[White "Gyurkovics, Miklos"]
[Black "Abel, Lajos"]
[Result "0-1"]
[WhiteElo "2285"]
[BlackElo "2300"]

1.c4 Nf6 2.Nc3 c5 3.Nf3 e6 4.e3 Be7 5.b3 O-O 6.Bb2 b6 7.d4 cxd4 8.exd4 d5
9.Bd3 Bb7 10.O-O Nbd7 11.Re1 Re8 12.Rc1 Rc8 13.Qe2 Bb4 14.a3 Bd6 15.Ne5 Nf8
16.g3 Bb8 17.Rcd1 Ng6 18.cxd5 Nxd5 19.Nxd5 Qxd5 20.Be4 Qxe4 21.Qxe4 Bxe4
22.Rxe4 Rc2 23.Nd3 Ne7 24.Kf1 Bd6 25.Re2 Rc7 26.Rc1 Rxc1+ 27.Nxc1 Rc8 28.Nd3 Nd5
29.Ke1 h5 30.Kd2 g5 31.Re1 Kg7 32.Rc1 Rd8 33.Ke2 f6 34.Rc6 Kg6 35.h3 Kf5
36.Ne1 Ne7 37.Rc4 b5 38.Rc1 Rd7 39.Ng2 Rc7 40.Rxc7 Bxc7 41.Ne3+ Kg6 42.a4 a6
43.Ba3 Nf5 44.Nxf5 Kxf5 45.Ke3 g4 46.hxg4+ Kxg4 47.axb5 axb5 48.Be7 f5 49.Bf6 f4+
50.gxf4 Bxf4+ 51.Ke4 Bd6 52.d5 exd5+ 53.Kxd5 Bf8 54.b4 Bxb4 55.Kc6 Bd2 56.Kxb5 Bg5
57.Be5 h4 58.Bh2 Bf4 59.Bg1 Kf3  0-1

[Event "HUN-chT"]
[Site "HUN"]
[Date "1991.??.??"]
[Round "?"]
[White "Horvath, Gyula"]
[Black "Filep, Tibor"]
[Result "1-0"]
[WhiteElo "2420"]
[BlackElo "2320"]

1.Nf3 Nf6 2.c4 c5 3.Nc3 g6 4.d4 Bg7 5.e4 d6 6.Be2 O-O 7.O-O Bg4 8.d5 b5 9.cxb5 a6
10.a4 axb5 11.Bxb5 Na6 12.h3 Bd7 13.e5 dxe5 14.Nxe5 Bxb5 15.axb5 Nb4 16.Rxa8 Qxa8
17.Nc6 e6 18.dxe6 Nxc6 19.bxc6 Qxc6 20.e7 Re8 21.Re1 h6 22.Bf4 Kh7 23.Qd8 Nh5
24.Qd5 Qf6 25.Bd6 Nf4 26.Bxf4 Qxf4 27.Qd8 Bd4 28.Ne4  1-0

[Event "HUN-chT"]
[Site "HUN"]
[Date "1991.??.??"]
[Round "?"]
[White "Hardicsay, Peter"]
[Black "Fusthy, Zsolt"]
[Result "1/2-1/2"]
[WhiteElo "2360"]
[BlackElo "2280"]

1.Nf3 Nf6 2.c4 c5 3.Nc3 b6 4.d4 cxd4 5.Nxd4 Bb7 6.Bg5 Nc6 7.Bxf6 gxf6 8.e4 Qc7
9.Ndb5 Qe5 10.Qd2 a6 11.f4 Qb8 12.Rd1 Bc8 13.Na3 e6 14.Nc2 Nb4  1/2-1/2

[Event "HUN-chT"]
[Site "HUN"]
[Date "1991.??.??"]
[Round "?"]
[White "Lengyel, Levente"]
[Black "Horvath, Gyula"]
[Result "1/2-1/2"]
[WhiteElo "2380"]
[BlackElo "2420"]

1.Nf3 Nf6 2.c4 c5 3.Nc3 b6 4.g3 Bb7 5.Bg2 g6 6.O-O Bg7 7.b3 O-O 8.Bb2 Na6
9.e3 d5 10.Ne5 e6  1/2-1/2

[Event "Katowice op"]
[Site "Katowice"]
[Date "1991.??.??"]
[Round "1"]
[White "Arbakov, Valentin"]
[Black "Maslej, Miroslaw"]
[Result "1-0"]
[WhiteElo "2485"]
[BlackElo "2220"]

1.c4 Nf6 2.Nc3 e6 3.Nf3 c5 4.g3 b6 5.Bg2 Bb7 6.O-O Be7 7.d4 cxd4 8.Qxd4 d6
9.b3 a6 10.Ba3 Nc6 11.Qe3 O-O 12.Rfd1 Qc7 13.Rac1 Nb8 14.Qd4 Ne8 15.Qe3 Nd7
16.Nd5 Qd8 17.Nxe7+ Qxe7 18.Bxd6 Nxd6 19.Qd2 Nxc4 20.Qxd7 Qxd7 21.Rxd7 Bxf3
22.exf3 Ne5 23.Rd6 Rab8 24.f4 Ng4 25.Rcc6 b5 26.Rxa6 g6 27.Rdb6 Rfd8 28.Rxb8 Rxb8
29.Ra8 Rxa8 30.Bxa8 b4 31.Bf3 Nf6 32.Kf1 Nd7 33.Ke2 Nc5 34.Ke3 Kf8 35.Kd4  1-0

[Event "Katowice op"]
[Site "Katowice"]
[Date "1991.??.??"]
[Round "5"]
[White "Namgilov, Sogto"]
[Black "Siekanski, Janusz"]
[Result "1/2-1/2"]
[WhiteElo "2445"]
[BlackElo "2265"]

1.Nf3 Nf6 2.c4 c5 3.Nc3 e6 4.g3 b6 5.Bg2 Bb7 6.O-O d6 7.b3 Nbd7 8.Bb2 Be7
9.d4 cxd4 10.Qxd4 a6 11.Rfd1 O-O 12.Ng5 Bxg2 13.Kxg2 Qc7 14.f3 Rfd8 15.Qe3 h6
16.Nge4 Nc5 17.Rd2 Qb7 18.Rad1 Nfxe4 19.Nxe4 Nxe4 20.Qxe4 Qxe4 21.fxe4 b5
22.e5 dxe5 23.Rxd8+ Bxd8 24.Bxe5 bxc4 25.bxc4 Bb6 26.Rb1 Bc5 27.Rb7 f6 28.Bb8 Kf8
29.Kf3 Ke8 30.Kg4 Kd8 31.Kh5 Kc8 32.Rc7+ Kxb8 33.Rxc5 Kb7 34.Ra5 Kb6 35.Ra3 Kc5
36.Kg6 Ra7 37.Re3 e5 38.Rc3 a5 39.Rc2 a4 40.a3 e4 41.h4 e3 42.h5 Re7 43.Rc3 Kd4
44.Rc1 Kc5 45.Rc3 Kd4 46.Rc1 Kc5 47.Rc3  1/2-1/2

[Event "Katowice op"]
[Site "Katowice"]
[Date "1991.??.??"]
[Round "6"]
[White "Markowski, Tomasz"]
[Black "Namgilov, Sogto"]
[Result "1/2-1/2"]
[WhiteElo "2260"]
[BlackElo "2445"]

1.Nf3 c5 2.c4 Nf6 3.Nc3 e6 4.g3 d5 5.cxd5 Nxd5 6.Bg2 Nc6 7.O-O Be7 8.d3 O-O
9.Bd2 Nc7 10.a3 e5 11.Rc1 a5 12.Na4 Na6 13.Be3 Bg4 14.Nxc5 Nxc5 15.Bxc5 Bxc5
16.Rxc5 Qb6 17.Rxc6 bxc6 18.Nxe5 Be6 19.Nxc6 Qxb2 20.Ne7+ Kh8 21.Bxa8 Rxa8
22.e4 Qxa3 23.Nd5 Bxd5 24.exd5  1/2-1/2

[Event "Katowice op"]
[Site "Katowice"]
[Date "1991.??.??"]
[Round "7"]
[White "Ivanov, Oleg"]
[Black "Tunik, Gennady"]
[Result "0-1"]
[WhiteElo "2390"]
[BlackElo "2445"]

1.c4 Nf6 2.Nc3 c5 3.Nf3 b6 4.e4 d6 5.d4 cxd4 6.Nxd4 Bb7 7.Qe2 e6 8.g3 a6
9.Bg2 Qc7 10.O-O Be7 11.Re1 O-O 12.Bd2 Nbd7 13.Rac1 Rac8 14.b3 Qb8 15.g4 g6
16.f4 e5 17.Nc2 exf4 18.Bxf4 Rfe8 19.Nb4 Bf8 20.Qd1 Ne5 21.h3 Bg7 22.Qd2 h5
23.g5 Nfd7 24.Ncd5 a5 25.Nd3 b5 26.cxb5 Bxd5 27.exd5 Qxb5 28.Rxc8 Rxc8 29.Rc1 Rxc1+
30.Nxc1 a4 31.bxa4 Qxa4 32.Nd3 Nxd3  0-1

[Event "Katowice op"]
[Site "Katowice"]
[Date "1991.??.??"]
[Round "7"]
[White "Fominyh, Alexander"]
[Black "Sideif Sade, Fikret I"]
[Result "1/2-1/2"]
[WhiteElo "2535"]
[BlackElo "2415"]

1.Nf3 Nf6 2.c4 c5 3.Nc3 d5 4.cxd5 Nxd5 5.g3 Nc6 6.Bg2 g6 7.Qb3 Nc7 8.Ng5 e6
9.Bxc6+ bxc6 10.d3 Be7 11.Nf3 O-O 12.Qa4 Bb7 13.Bh6 Re8 14.O-O Nb5 15.Nxb5 cxb5
16.Qxb5 Bxf3 17.exf3 Rb8 18.Qa4 Rxb2 19.Rab1 Rxb1 20.Rxb1 Bf8 21.Bg5 Qxd3  1/2-1/2

[Event "Katowice op"]
[Site "Katowice"]
[Date "1991.??.??"]
[Round "8"]
[White "Gorelov, Sergey G"]
[Black "Fominyh, Alexander"]
[Result "1/2-1/2"]
[WhiteElo "2420"]
[BlackElo "2535"]

1.c4 c5 2.Nf3 Nf6 3.Nc3 d5 4.cxd5 Nxd5 5.d4 Nxc3 6.bxc3 g6 7.e4 Bg7 8.Rb1 O-O
9.Be2 Qa5 10.O-O Qxa2 11.Bg5 Bf6 12.Qd3 cxd4 13.cxd4 Qa5 14.Qe3 Qd8 15.d5 Nd7
16.Rfd1 Nb6 17.h3 Bxg5 18.Qxg5 Kg7 19.Nd4 e6 20.Qg3 exd5 21.exd5 Qxd5 22.Nb5 Qa2
23.Qc3+ f6 24.Bf3 Bf5 25.Ra1 Qc4 26.Qxc4 Nxc4 27.Bxb7 Rab8  1/2-1/2

[Event "Katowice op"]
[Site "Katowice"]
[Date "1991.??.??"]
[Round "10"]
[White "Pigusov, Evgeny"]
[Black "Dydyshko, Viacheslav"]
[Result "1/2-1/2"]
[WhiteElo "2535"]
[BlackElo "2470"]

1.Nf3 c5 2.c4 Nf6 3.Nc3 e6 4.g3 b6 5.Bg2 Bb7 6.O-O Be7 7.d4 cxd4 8.Qxd4 d6
9.Bg5 a6 10.Bxf6 Bxf6 11.Qe3 O-O 12.Rfd1 Qc7 13.Ne4 Bxe4 14.Qxe4 Ra7 15.Rd2 b5
16.cxb5 axb5 17.Qd3 Qc4 18.Qxd6 Rd7 19.Qf4 Qxf4 20.gxf4 Rxd2 21.Nxd2 Rc8
22.e3 Bxb2 23.Rb1 Rc1+ 24.Rxc1 Bxc1 25.Nb3 Bb2 26.Bf1 b4 27.Bb5 Kf8 28.Kf1 Ke7
29.Ke2 Kd6 30.Kd3 Kd5 31.e4+ Kd6 32.Kc4 Ba3 33.Nc5 Bc1 34.Nd3 Bd2 35.f5 exf5
36.exf5 Ke7 37.Nxb4 Kf6 38.Be8 Kg5 39.Bxf7 Kg4 40.a4 Kh3 41.a5 Be1 42.f4  1/2-1/2

[Event "Kecskemet Szechenyi"]
[Site "Kecskemet"]
[Date "1991.??.??"]
[Round "3"]
[White "Sestjakov, Sergei"]
[Black "Mikhalchishin, Adrian"]
[Result "1/2-1/2"]
[WhiteElo "2280"]
[BlackElo "2520"]

1.Nf3 Nf6 2.c4 c5 3.Nc3 d5 4.cxd5 Nxd5 5.e4 Nb4 6.Bb5+ N8c6 7.d4 cxd4 8.a3 dxc3
9.Qxd8+ Kxd8 10.axb4 cxb2 11.Bxb2 e6 12.O-O f6 13.e5 f5 14.Bxc6 bxc6 15.Ra4 c5
16.Rfa1 Kc7 17.bxc5 a6 18.Nd4 Rb8 19.Bc3 Kd7 20.Rc4 Be7 21.Rd1 Ke8 22.Ba5 Rb2
23.Bc7 Kf7 24.Bd6 Bd8 25.Nc6 Bd7 26.Nb8 Bb5 27.Rcc1 Be7 28.c6 Bxd6 29.exd6 Rxb8
30.d7 Bxc6 31.d8=Q  1/2-1/2

[Event "Kecskemet"]
[Site "Kecskemet"]
[Date "1991.??.??"]
[Round "7"]
[White "Grebennikov, Sergej"]
[Black "Moiseev, Viktor"]
[Result "1-0"]
[WhiteElo "2400"]
[BlackElo "2460"]

1.c4 c5 2.Nf3 Nf6 3.Nc3 b6 4.e3 Bb7 5.d4 cxd4 6.exd4 e6 7.Bd3 Bb4 8.O-O Bxc3
9.bxc3 d6 10.Bg5 h6 11.Bh4 Nbd7 12.Nd2 Qc7 13.Qe2 O-O 14.f4 Rfe8 15.Rac1 Rac8
16.Rf2 d5 17.h3 Ba6 18.cxd5 exd5 19.Qf3 Bxd3 20.Qxd3 Ne4 21.Rf3 Nxd2 22.Qxd2 Qc4
23.Re1 Rxe1+ 24.Qxe1 Qxa2 25.f5 Qc2 26.f6 g5 27.Bg3 Nf8 28.h4 Ne6 29.Bd6 Qe4
30.Re3 Qg4 31.hxg5 Nxg5 32.Rg3 Qf5 33.Be5 Kh7 34.Qe2 Rg8 35.Qh5 Qg6 36.Rxg5 Qxg5
37.Qxf7+ Kh8 38.Qxd5 Rf8 39.Qd7 Kg8 40.Qe6+ Rf7 41.Qe8+  1-0

[Event "JUG-ch"]
[Site "Kladovo"]
[Date "1991.??.??"]
[Round "2"]
[White "Cvetkovic, Srdjan"]
[Black "Andrijevic, Milan"]
[Result "1-0"]
[WhiteElo "2470"]
[BlackElo "2370"]

1.c4 Nf6 2.Nc3 c5 3.Nf3 e6 4.g3 d5 5.cxd5 Nxd5 6.Bg2 Be7 7.O-O Nc6 8.b3 Nxc3
9.dxc3 O-O 10.Qc2 Bf6 11.Be3 Qa5 12.Ng5 Bxg5 13.Bxg5 f6 14.Be3 Bd7 15.b4 cxb4
16.cxb4 Qa6 17.Rfd1 Nxb4 18.Qb3 Nd5 19.Rxd5 exd5 20.Bxd5+ Kh8 21.Bxb7 Qb5
22.Bxa8 Rxa8 23.Qxb5 Bxb5 24.Kf1 a6 25.Rc1 Kg8 26.Ke1 Re8 27.Rc7 Re6 28.Rc2 Rc6
29.Bc5 Kf7 30.Kd2 f5 31.f3 Rh6 32.Bg1 Rc6 33.Rb2 Rd6+ 34.Ke1 Ke6 35.Be3 g6
36.h3 Rc6 37.g4 Rc4 38.Bd2 h5 39.gxh5 gxh5 40.Kf2 Ke5 41.Kg3 f4+ 42.Kf2 Kf5
43.a3 Rd4 44.Bb4 Rd5 45.Rc2 Re5 46.Bd6 Re6 47.Bb8 Re8 48.Bc7 Re7 49.h4 Re6
50.Bd8 Re8 51.Bg5 Re6 52.a4 Bxa4 53.Rc5+ Re5 54.Rc4 Bb5 55.Rxf4+ Kg6 56.Rf6+ Kg7
57.e4 Rc5 58.Rb6 a5 59.Kg3 Be2 60.Be3 Rc4 61.Rb7+ Kf6 62.Rb5 a4 63.Rxh5 Rb4
64.Ra5 Rb3 65.Kf2 Bb5 66.h5 a3 67.h6 Kg6 68.Ra7 Bc4 69.h7 Rb8 70.Bd4  1-0

[Event "JUG-ch"]
[Site "Kladovo"]
[Date "1991.??.??"]
[Round "2"]
[White "Panzalovic, Srdjan"]
[Black "Popov, Sinisa"]
[Result "1-0"]
[WhiteElo "2410"]
[BlackElo "2305"]

1.Nf3 Nf6 2.c4 c5 3.Nc3 e6 4.g3 b6 5.Bg2 Bb7 6.O-O a6 7.d4 cxd4 8.Qxd4 d6
9.Rd1 Be7 10.b3 Nbd7 11.e4 Qb8 12.Ba3 Nc5 13.e5 dxe5 14.Qxe5 Ncd7 15.Qxb8+ Rxb8
16.Bc1 Rc8 17.Bb2 Nc5 18.Ne5 Bxg2 19.Kxg2 Rc7 20.f4 O-O 21.Kf3 Nfd7 22.Ne4 Nb8
23.Bd4 Nxe4 24.Kxe4 f6 25.Nd3 Nd7 26.a4 Rb8 27.Rdb1 Nc5+ 28.Ke3 Rd7 29.Bxc5 Bxc5+
30.Ke2 Bd4 31.Ra2 e5 32.f5 Rbd8 33.Nb4 Ra8 34.Rd1 g6 35.Nd5 Kg7 36.Nxb6  1-0

[Event "JUG-ch"]
[Site "Kladovo"]
[Date "1991.??.??"]
[Round "11"]
[White "Sofrevski, Jovan"]
[Black "Kovacevic, Slobodan"]
[Result "1-0"]
[WhiteElo "2415"]
[BlackElo "2370"]

1.Nf3 c5 2.c4 Nf6 3.Nc3 b6 4.e3 e6 5.d4 a6 6.Bd3 Bb7 7.O-O d6 8.Qe2 Nbd7
9.Rd1 Be7 10.a3 Ra7 11.b4 Qa8 12.Bb2 O-O 13.d5 exd5 14.cxd5 Re8 15.e4 Bf8
16.Qd2 g6 17.Bc2 Bg7 18.h3 b5 19.bxc5 Nxc5 20.Re1 Nfd7 21.Nd1 Qd8 22.a4 bxa4
23.Bxg7 Kxg7 24.Bxa4 Qf6 25.Nc3 Bc8 26.Nd4 Rc7 27.Bc6 Rf8 28.f4 Kh8 29.Rab1 Qg7
30.Re3 Qh6 31.Re2 Qg7 32.Kh2 Qh6 33.Rb2 Qg7 34.Kg1 Rd8 35.Nf3 f6 36.Nd4 Nf8
37.Rb8 Qe7 38.Rb4 Kg7 39.Kh2  1-0

[Event "Kobanya op"]
[Site "Kobanya"]
[Date "1991.??.??"]
[Round "10"]
[White "Utasi, Tamas"]
[Black "Mate, Laszlo"]
[Result "1/2-1/2"]
[WhiteElo "2345"]
[BlackElo "2245"]

1.Nf3 Nf6 2.c4 g6 3.Nc3 c5 4.g3 Bg7 5.Bg2 Nc6 6.O-O O-O 7.d4 cxd4 8.Nxd4 Nxd4
9.Qxd4 d6 10.Rd1 Be6 11.Bxb7 Nd5 12.Qe4 Nxc3 13.bxc3 Rb8 14.Be3 Qc7 15.Bd5 Bxc3
16.Rac1 Bb2 17.Bxe6 Bxc1 18.Rxc1 fxe6 19.Qxe6+ Rf7 20.c5 dxc5 21.Rxc5 Qd6
22.Qc4 e6  1/2-1/2

[Event "Krasnodar"]
[Site "Krasnodar"]
[Date "1991.??.??"]
[Round "?"]
[White "Shabanov, Yuri"]
[Black "Shestoperov, Aleksej"]
[Result "1/2-1/2"]
[WhiteElo "2410"]
[BlackElo "2450"]

1.c4 Nf6 2.Nc3 c5 3.Nf3 e6 4.g3 b6 5.Bg2 Bb7 6.O-O Be7 7.d4 cxd4 8.Qxd4 O-O
9.Rd1 Nc6 10.Qd2 Na5 11.b3 d5 12.cxd5 Nxd5 13.Nxd5 Qxd5 14.Qe1 Qh5 15.Rd7 Bf6
16.Ba3 Bc6 17.Bxf8 Bxd7 18.Rd1 Rd8 19.Bd6 Be8 20.e4 Nb7 21.Bb4 Rxd1 22.Qxd1 Qb5
23.Qd2 a5 24.Ba3 Nc5 25.e5 Be7 26.Nd4 Qd7 27.Bb2 h6 28.Bc6 Qd8 29.Bxe8 Qxe8
30.Qe2  1/2-1/2

[Event "Las Palmas"]
[Site "Las Palmas"]
[Date "1991.??.??"]
[Round "1"]
[White "Kortschnoj, Viktor"]
[Black "De la Villa Garcia, Jesus Maria"]
[Result "1/2-1/2"]
[WhiteElo "2615"]
[BlackElo "2475"]

1.Nf3 Nf6 2.c4 c5 3.Nc3 d5 4.cxd5 Nxd5 5.e3 e6 6.d4 cxd4 7.exd4 Bb4 8.Bd2 Nc6
9.Bb5 O-O 10.O-O Be7 11.Rc1 Bf6 12.Bxc6 bxc6 13.Ne4 Be7 14.Rxc6 Nb4 15.Bxb4 Bxb4
16.Nc5 Rb8 17.Na6 Rb7 18.Nxb4 Rxb4 19.Qd2 Rb5 20.Rc5 Rb6 21.Ne5 Bb7 22.Nc4 Ra6
23.a3 Qh4 24.Rc1 Rd8 25.Rd1 h6 26.h3 Bd5 27.Ne5 Rad6 28.Qe3 Qg5 29.Qxg5 hxg5
30.Rc7 f6 31.Ng4 a5 32.Ra7 Rb8 33.Rd2 Rdb6 34.Ne3 Rxb2 35.Rxb2 Rxb2 36.Nxd5 exd5
37.Rxa5 Rb1+ 38.Kh2 Rb3 39.a4 Rb4 40.Rxd5 Rxa4 41.Rd7 Ra3 42.g3 Kh7 43.Kg2 Kg6
44.g4 Kh7 45.f3 Ra2+ 46.Kg3 Kg8 47.h4 gxh4+ 48.Kxh4 Kf8 49.f4 Rg2 50.f5 Rg1
51.Kh3 Kg8 52.d5 Kh7 53.d6 Kh6 54.Rf7 Kg5 55.d7 Rd1 56.Rxg7+ Kf4 57.Kg2 Rd2+
58.Kf1 Rd5 59.Ke2 Rd4 60.Rf7 Kxg4 61.Ke3 Rd1 62.Rxf6 Rxd7 63.Ke4 Ra7 64.Rg6+ Kh5
65.Rd6 Kg5  1/2-1/2

[Event "Las Palmas"]
[Site "Las Palmas"]
[Date "1991.??.??"]
[Round "3"]
[White "Garcia Padron, J."]
[Black "De la Villa Garcia, Jesus Maria"]
[Result "0-1"]
[WhiteElo "2445"]
[BlackElo "2475"]

1.Nf3 Nf6 2.c4 c5 3.Nc3 d5 4.cxd5 Nxd5 5.e4 Nb4 6.Bc4 Nd3+ 7.Kf1 Nc6 8.Ne2 a6
9.Qb3 Nde5 10.d4 Nxc4 11.Qxc4 cxd4 12.Bf4 Be6 13.Qd3 Bg4 14.Ne5 Nxe5 15.Bxe5 f6
16.f3 Bc8 17.Bg3 e5 18.Kf2 Bd6 19.Qb3 Qe7 20.Rhc1 Be6 21.Qb6 Rd8 22.Kf1 d3
23.Nc3 Bc5 24.Qa5 d2 25.Rd1 Bc4+ 26.Ne2 Bb4 27.Qb6 Bb5 28.Bf2 Rd6 29.Qa7 Qd7
30.Be3 O-O 31.a3 f5 32.axb4 fxe4 33.Kf2 exf3 34.gxf3 Qh3 35.Rxd2 Rxf3+ 36.Kg1 Rg6+
37.Ng3 Rf1+  0-1

[Event "Las Palmas op"]
[Site "Las Palmas"]
[Date "1991.??.??"]
[Round "8"]
[White "Morales, Julian"]
[Black "Kindl, Peter"]
[Result "1-0"]
[WhiteElo "2235"]
[BlackElo "2315"]

1.Nf3 Nf6 2.c4 c5 3.Nc3 e6 4.g3 b6 5.Bg2 Bb7 6.O-O Be7 7.b3 O-O 8.Bb2 d6
9.d4 cxd4 10.Qxd4 a6 11.Rfd1 Nbd7 12.Rac1 Rc8 13.Qf4 Qc7 14.e4 Qb8 15.Qe3 Rfe8
16.h3 Qa8 17.Nd4 Bf8 18.g4 h6 19.Re1 Nc5 20.Rc2 g6 21.Rce2 Bg7 22.Qd2 Red8
23.f3 Qb8 24.h4 Qc7 25.Rc1 Qe7 26.h5 gxh5 27.Nd5 exd5 28.Nf5 Qf8 29.g5 Nfxe4
30.fxe4 Bxb2 31.Qxb2 Nd3 32.Qf6 Nxc1 33.Re3 Re8 34.Nxh6+ Kh7 35.Bh3 Re5 36.Bf5+ Rxf5
37.exf5 Re8 38.g6+ fxg6 39.Qxg6+ Kh8 40.Rxe8  1-0

[Event "Lenk"]
[Site "Lenk"]
[Date "1991.??.??"]
[Round "2"]
[White "Shvidler, Eliahu"]
[Black "Anka, Emil"]
[Result "1-0"]
[WhiteElo "2425"]
[BlackElo "2355"]

1.c4 Nf6 2.Nc3 e6 3.Nf3 c5 4.g3 Nc6 5.Bg2 a6 6.O-O d6 7.b3 Be7 8.Bb2 O-O
9.Rc1 Bd7 10.e3 b5 11.d3 Qb6 12.Ba1 Rfd8 13.Qe2 Rac8 14.Rfd1 Be8 15.Bh3 d5
16.cxd5 Nxd5 17.Ne4 Bf8 18.Nfg5 h6 19.Nxe6 fxe6 20.Bxe6+ Bf7 21.Bxc8 Rxc8
22.Nxc5 Rd8 23.Qg4 h5 24.Qg5 Rd6 25.Ne4 Rg6 26.Qf5 Nce7 27.Qe5 Nc6 28.Qf5 Nce7
29.Qd7 Be6 30.Qe8 Nxe3 31.Re1 N3f5 32.Nc5 Nd6 33.Qa8 Bc8 34.Re3 Nef5 35.Rf3 h4
36.Be5 hxg3 37.hxg3 Rh6 38.Bxd6 Nxd6 39.Rxf8+ Kxf8 40.Nd7+ Ke7 41.Nxb6  1-0

[Event "Leon"]
[Site "Leon"]
[Date "1991.??.??"]
[Round "?"]
[White "Vladimirov, Evgeny"]
[Black "Sion Castro, Marcelino"]
[Result "1-0"]
[WhiteElo "2580"]
[BlackElo "2410"]

1.c4 Nf6 2.Nc3 c5 3.Nf3 d5 4.cxd5 Nxd5 5.e4 Nxc3 6.dxc3 Qxd1+ 7.Kxd1 Nc6
8.Kc2 e6 9.Be3 Bd7 10.Nd2 Na5 11.Be2 f6 12.Rhe1 Be7 13.e5 f5 14.g4 O-O-O
15.Kc1 g5 16.gxf5 exf5 17.f4 gxf4 18.Bxf4 Be6 19.Rg1 Rhg8 20.Kc2 Rxg1 21.Rxg1 Rg8
22.Rf1 Bg5 23.Bg3 Rd8 24.Nf3 Be3 25.b3 f4 26.Bh4 Bf5+ 27.Kb2 Rg8 28.Ng5 Rg7
29.Bf3 Nc6 30.Ne4 Kc7 31.Nf6 Rg6 32.Nd5+ Kb8 33.Nxe3 fxe3 34.Bxc6  1-0

[Event "Lippstadt"]
[Site "Lippstadt"]
[Date "1991.??.??"]
[Round "8"]
[White "Schlosser, Philipp"]
[Black "Hoffmann, Michael"]
[Result "0-1"]
[WhiteElo "2465"]
[BlackElo "2370"]

1.Nf3 Nf6 2.c4 c5 3.Nc3 e6 4.g3 b6 5.Bg2 Bb7 6.O-O d6 7.Re1 Nbd7 8.e4 a6
9.d4 cxd4 10.Nxd4 Qc7 11.Be3 Be7 12.f4 O-O 13.Rc1 Rfe8 14.f5 Bd8 15.fxe6 fxe6
16.Bh3 Nf8 17.Bf2 N6d7 18.b4 Bf6 19.Nce2 Rac8 20.Qb3 Kh8 21.Qe3 Ne5 22.Nf4 Qf7
23.Qe2 Bg5 24.Be3 Bxe4 25.Nfxe6 Nxe6 26.Bxe6 Rxe6 27.Bxg5 Ba8 28.Rf1 Qe8
29.Nxe6 Qxe6 30.Rce1 Qd7 31.Bf4 Qc6 32.Bxe5 dxe5 33.Rd1 Qh1+ 34.Kf2 Qxh2+
35.Ke1 Qxg3+ 36.Kd2 Qa3 37.Qxe5 Qxa2+ 38.Ke3 Qxc4 39.Rd7 Qb3+ 40.Rd3 Qxb4
41.Rf7 Qe1+  0-1

[Event "ESP-ch"]
[Site "Lleida"]
[Date "1991.??.??"]
[Round "2"]
[White "Ferrer, Martin"]
[Black "Clemente, A."]
[Result "1-0"]
[WhiteElo "2280"]
[BlackElo "2200"]

1.Nf3 c5 2.c4 Nf6 3.Nc3 g6 4.d4 cxd4 5.Nxd4 Bg7 6.g3 O-O 7.Bg2 Nc6 8.O-O Qc7
9.Ndb5 Qb8 10.Nd5 Ne8 11.Bf4 Be5 12.Bh6 Bxb2 13.Bxf8 Kxf8 14.Rb1 Bg7 15.e3 d6
16.Nd4 Nxd4 17.exd4 e6 18.Ne3 Qc7 19.Qd2 Rb8 20.Rfc1 Bd7 21.Rb3 Kg8 22.Rcb1 b6
23.c5 d5 24.cxb6 axb6 25.Qb2 b5 26.Bf1 Nd6 27.a4 Qa7 28.axb5 Bxd4 29.b6 Qa4
30.Qc1 Rc8 31.Qa3 Qxa3 32.Rxa3 Kg7 33.Ra7 Bc6 34.Ba6 Rb8 35.Rc7 Bb7 36.Bxb7 Rxb7
37.Rc6 Ne4 38.Rb4 e5 39.Nxd5 Bxf2+ 40.Kg2  1-0

[Event "ESP-ch"]
[Site "Lleida"]
[Date "1991.??.??"]
[Round "5"]
[White "Jimenez, F."]
[Black "Clemente, A."]
[Result "1-0"]
[WhiteElo "2330"]
[BlackElo "2200"]

1.c4 Nf6 2.Nc3 e6 3.Nf3 c5 4.g3 Be7 5.Bg2 O-O 6.O-O d5 7.cxd5 exd5 8.d4 Nc6
9.Bg5 c4 10.b3 Qa5 11.Bxf6 Bxf6 12.Qd2 Rd8 13.e3 b5 14.b4 Qb6 15.a4 Ba6 16.axb5 Bxb5
17.Rfb1 Be7 18.Ne2 Nxb4 19.Rxb4 c3 20.Rxb5 cxd2 21.Rxb6 axb6 22.Rd1 Bb4 23.Nf4 Rdc8
24.Nxd2 Bxd2 25.Bxd5 Ba5 26.Bxa8 Rxa8 27.Rb1 Kf8 28.Nd5 Rb8 29.Kf1 Ke8 30.Ke2 Kd7
31.Kd3 Kc6 32.e4 b5 33.Ra1 Bd8 34.Ra7 Rb7 35.Ra6+ Kd7 36.Kc3 Be7 37.f4 Bd6
38.Kb3 Bf8 39.Nc3 Bd6 40.d5  1-0

[Event "Lloyds Bank op"]
[Site "London"]
[Date "1991.??.??"]
[Round "5"]
[White "Knott, Simon JB"]
[Black "Giddins, Stephen"]
[Result "1-0"]
[WhiteElo "2340"]
[BlackElo "2260"]

1.c4 Nf6 2.Nc3 c5 3.Nf3 e6 4.g3 b6 5.Bg2 Bb7 6.O-O a6 7.Re1 d6 8.e4 Nbd7
9.d4 cxd4 10.Nxd4 Qc7 11.Nd5 exd5 12.exd5+ Kd8 13.Nc6+ Bxc6 14.dxc6 Ne5  1-0

[Event "USA-op Los Angeles"]
[Site "Los Angeles"]
[Date "1991.??.??"]
[Round "?"]
[White "Orlov, Georgi"]
[Black "Larsen, Kenneth"]
[Result "1/2-1/2"]
[WhiteElo "2500"]
[BlackElo "2335"]

1.Nf3 Nf6 2.c4 g6 3.Nc3 c5 4.d4 cxd4 5.Nxd4 Bg7 6.g3 O-O 7.Bg2 Nc6 8.O-O Nxd4
9.Qxd4 d6 10.Qd3 Bf5 11.e4 Be6 12.b3 Nd7 13.Bb2 a6 14.Qd2 Nc5 15.f4 Qd7 16.f5 gxf5
17.exf5 Bxf5 18.Nd5 Bg6 19.Bxg7 Kxg7 20.Nb6 Qc7 21.Nxa8 Rxa8 22.Rae1 Nd3
23.Re3 Ne5 24.Qd4 f6 25.g4 Rc8 26.h4 h6 27.a4 b6 28.Kh1 Rb8 29.Rfe1 Qc5 30.Qf4 b5
31.cxb5 axb5 32.a5 b4 33.a6 Bf7 34.g5 hxg5 35.hxg5 Rh8+ 36.Kg1 fxg5 37.Qxg5+ Kf8
38.Qf4 Nd3 39.Qe4 Nxe1 40.Qxe7+ Kg7 41.Kf1 Qf5+ 42.Kxe1 Re8 43.Qa7 Qb1+ 44.Kf2 Qa2+
45.Kg1 Rxe3 46.Qxe3 Qxa6 47.Qd4+ Kf8 48.Qxb4 Qa7+ 49.Kh2 Qc5 50.Qf4 Qe5 51.Qxe5 dxe5
52.b4 Ke7 53.b5 Bc4 54.b6 Ba6 55.b7  1/2-1/2

[Event "Lyngby op"]
[Site "Lyngby"]
[Date "1991.??.??"]
[Round "5"]
[White "Larsen, Flemming Bo"]
[Black "Kristensen, Kaare"]
[Result "0-1"]
[WhiteElo "2245"]
[BlackElo "2300"]

1.c4 Nf6 2.Nc3 c5 3.Nf3 e6 4.e3 Be7 5.d4 cxd4 6.exd4 d5 7.Bd3 dxc4 8.Bxc4 O-O
9.O-O Nc6 10.a3 a6 11.Re1 b5 12.Ba2 Bb7 13.Bg5 b4 14.Na4 bxa3 15.bxa3 Bxa3
16.Qb3 Bb4 17.Nc5 Bxe1 18.Nxb7 Qc7 19.Bb1 Rfb8 20.Qc2 Qxb7 21.Bxf6 gxf6 22.Qxh7+ Kf8
23.d5 Bc3 24.dxc6 Qb2  0-1

[Event "Melbourne Masters"]
[Site "Melbourne"]
[Date "1991.??.??"]
[Round "3"]
[White "Johansen, Darryl K"]
[Black "West, Guy"]
[Result "1-0"]
[WhiteElo "2465"]
[BlackElo "2445"]

1.c4 c5 2.Nc3 Nf6 3.Nf3 e6 4.d4 cxd4 5.Nxd4 Bb4 6.Nb5 d5 7.Bg5 O-O 8.a3 Bxc3+
9.Nxc3 h6 10.Bh4 g5 11.Bg3 d4 12.Nb5 Nc6 13.e3 dxe3 14.fxe3 e5 15.Qc2 Bg4
16.h3 Bh5 17.Bd3 e4 18.Be2 Qa5+ 19.Kf2 Bxe2 20.Qxe2 Ne8 21.Rhd1 Ne7 22.Kg1 Nf5
23.Be5 Qb6 24.Nd4 Nh4 25.Bg3 Ng7 26.Bxh4 gxh4 27.Rf1 f5 28.Rf4 Rad8 29.Raf1 Rxd4
30.exd4 Qxd4+ 31.Kh1 Rd8 32.Rxh4 Qd2 33.Qxd2 Rxd2 34.Rxh6 Rxb2 35.Rd6 Ra2
36.g4 Rxa3 37.gxf5 Rxh3+ 38.Kg2 Rh5 39.Rd5 Rg5+ 40.Kh3 e3 41.f6 Ne6 42.Rxg5+ Nxg5+
43.Kg4 Ne4 44.Kf4 Nd2 45.Rc1 e2 46.Re1 Nxc4 47.Rxe2 Kf7 48.Kg5 Nd6 49.Re7+ Kf8
50.Kg6  1-0

[Event "POL-chT"]
[Site "Mikolajki"]
[Date "1991.??.??"]
[Round "1"]
[White "Samarin, Igor"]
[Black "Adamski, Jan"]
[Result "1/2-1/2"]
[WhiteElo "2385"]
[BlackElo "2365"]

1.Nf3 Nf6 2.c4 c5 3.Nc3 b6 4.g3 Bb7 5.Bg2 g6 6.O-O Bg7 7.d4 Ne4 8.Nxe4 Bxe4
9.d5 O-O 10.Qb3 e6 11.Bf4 exd5 12.cxd5 Bxf3 13.Bxf3 d6 14.a4 a6 15.Rac1 Qc7
16.Qa2 Nd7 17.b4 Rfc8 18.a5 b5 19.bxc5 Nxc5 20.Qa3 Qe7 21.Rc2 Ra7 22.Rfc1  1/2-1/2

[Event "POL-chT"]
[Site "Mikolajki"]
[Date "1991.??.??"]
[Round "4"]
[White "Przewoznik, Jan"]
[Black "Malisauskas, Vidmantas"]
[Result "1/2-1/2"]
[WhiteElo "2395"]
[BlackElo "2505"]

1.Nf3 Nf6 2.c4 g6 3.Nc3 c5 4.d4 cxd4 5.Nxd4 Nc6 6.e4 d6 7.Be2 Nxd4 8.Qxd4 Bg7
9.Be3 O-O 10.Qd2 Be6 11.f3 Qa5 12.Nd5 Qxd2+ 13.Kxd2 Nxd5 14.cxd5 Bd7 15.Rac1 Rfc8
16.Rxc8+ Rxc8 17.Rc1 Rxc1 18.Kxc1 a6  1/2-1/2

[Event "POL-chT"]
[Site "Mikolajki"]
[Date "1991.??.??"]
[Round "6"]
[White "Samarin, Igor"]
[Black "Zielinski, Marek"]
[Result "1/2-1/2"]
[WhiteElo "2385"]
[BlackElo "2315"]

1.Nf3 Nf6 2.c4 c5 3.Nc3 e6 4.g3 b6 5.Bg2 Bb7 6.O-O a6 7.Re1 Be7 8.e4 d6 9.d4 cxd4
10.Nxd4 Qc7 11.Be3 Nbd7 12.Rc1 O-O 13.f4 Rfe8 14.b3 Bf8 15.g4 e5 16.Nd5 Qd8
17.Nf5 g6 18.Ng3 Bxd5 19.cxd5 exf4 20.Bxf4 Ne5 21.h3 Nfd7 22.Rc2 Rc8 23.Be3 Rxc2
24.Qxc2 Be7 25.Rc1 Bg5 26.Qd2 Bxe3+ 27.Qxe3 a5 28.Bf1 Nc5 29.Bb5 Re7 30.Kg2 Rc7
31.Ne2 Qh4 32.Ng3 h6 33.Rc3 Qg5 34.Qxg5 hxg5 35.Kf2 Kf8 36.Ke3 Ne6 37.Rxc7 Nxc7
38.Bd3 Ke7 39.Ne2 Kd7 40.Nd4 f6 41.Be2 Kd8 42.Kd2 Kd7 43.a3 Kd8  1/2-1/2

[Event "POL-chT"]
[Site "Mikolajki"]
[Date "1991.??.??"]
[Round "8"]
[White "Pelc, Zbigniew"]
[Black "Wiech, Grzegorz"]
[Result "1-0"]
[WhiteElo "2240"]
[BlackElo "2275"]

1.Nf3 c5 2.c4 Nf6 3.Nc3 d5 4.cxd5 Nxd5 5.g3 Nc6 6.Bg2 Nc7 7.O-O e5 8.d3 Be7
9.Ne1 O-O 10.Nc2 Be6 11.f4 exf4 12.gxf4 f5 13.e4 Qd7 14.Ne3 Nd4 15.Nc4 Rad8
16.Ne5 Qc8 17.Be3 Bf6 18.exf5 Bxf5 19.Ne4 Bxe5 20.fxe5 Bg4 21.Qa4 Bf3 22.Bxd4 Bxg2
23.Rxf8+ Rxf8 24.Bxc5 Rf7 25.Nd6 Qh3 26.Nxf7 Bc6 27.Qc2 Qg4+ 28.Kf1 Kxf7
29.Qc4+ Qxc4 30.dxc4 b6 31.Bd6 Ne6 32.a4 Nd4 33.Ra3 Nf3 34.Kf2 Nd2 35.b3 Ke6
36.Ke2 Nf3 37.Bb8 a6 38.b4 Nxh2 39.b5 axb5 40.axb5 Bg2 41.Kf2 Be4 42.Kg3 Nf1+
43.Kf4 Bc2 44.Ra6 Bd3 45.Rxb6+ Ke7 46.Rb7+ Ke6 47.Rxg7 Bxc4 48.b6 Nd2 49.Bd6  1-0